| 000 | 00617cam a22002173a 4500 | ||
|---|---|---|---|
| 001 | 24843 | ||
| 003 | PGUSA | ||
| 005 | 20140828083532.0 | ||
| 008 | 080316s2008||||xxu|||||s|||||000 | eng d | ||
| 040 |
_aPGUSA _beng |
||
| 042 | _adc | ||
| 050 | 4 | _aDP | |
| 100 | 1 |
_aRamalho, Monteiro, _d1862-1949 |
|
| 245 | 1 | 0 |
_aAs ratices da Rattazzi : _bO pello nacional _h[electronic resource] / _cMonteiro Ramalho |
| 260 |
_bProject Gutenberg, _c2008 |
||
| 506 | _aPublic domain in the USA. | ||
| 516 | _aElectronic text | ||
| 830 | 0 |
_aProject Gutenberg _v24843 |
|
| 856 | 4 | 0 | _uhttp://www.gutenberg.org/ebooks/24843 |
| 942 | _cEB | ||
| 999 |
_c254098 _d254098 |
||